11 Mars 2025 | Philosophie - Statistiques

Statistiques générales
  • Ce quiz a été pris 162 fois
  • Le résultat moyen est 7 sur 15
Statistiques - réponses
Question Réponse % Correct
Quel philosophe est célèbre pour avoir dit "Je pense, donc je suis" ? René Descartes
98%
Quel livre a été écrit par Platon et présente le concept de la République idéale ? La République
78%
Qui a théorisé le "contrat social" comme fondement de l'organisation politique ? Jean-Jacques Rousseau
75%
Qui est considéré comme le père de la philosophie occidentale ? Socrate
73%
Quel philosophe est connu pour sa méthode dialectique et a été le maître de Platon ? Socrate
72%
Quel philosophe a été un des principaux représentants de l'existentialisme et a écrit "L'être et le néant" ? Jean-Paul Sartre
68%
Qui a écrit "Ainsi parlait Zarathoustra" ? Friedrich Nietzsche
59%
Quel philosophe a introduit l'idée du "surhomme" ? Friedrich Nietzsche
49%
Quel courant philosophique affirme que la connaissance vient principalement de l'expérience sensorielle ? Empirisme
43%
Quelle phrase célèbre a été prononcée par Karl Marx ? La religion est l'opium du peuple
37%
Qui est connu pour sa théorie de la "volonté de puissance" ? Friedrich Nietzsche
35%
Quel mouvement philosophique, né au XVIIe siècle, valorise la rationalité et la science ? Le rationalisme
31%
Quel philosophe a dit "L'homme est la mesure de toutes choses" ? Protagoras
15%
Quel philosophe a fondé l'école du stoïcisme ? Zénon de Citium
5%
Quel terme désigne le principe selon lequel la morale doit être fondée sur la raison ? Éthique rationnelle
1%
Aucun quiz correspondant
Distribution des résultats
% des personnes avec chaque résultat
Percentile par nombre de réponses
Votre historique - résultats
Vous n’avez pas pris ce quiz